Fundamentos del procedimiento laboral/Porfirio Hernandez Quezada (Registro nro. 11631)

Detalles MARC
000 -LEADER
fixed length control field 00616nam a22001931a 4500
001 - CONTROL NUMBER
control field 11631
003 - CONTROL NUMBER IDENTIFIER
control field OSt
005 - DATE AND TIME OF LATEST TRANSACTION
control field 20260204212250.0
008 - FIXED-LENGTH DATA ELEMENTS--GENERAL INFORMATION
fixed length control field 130424s2002||||dr ||||||b||||||||||spa||
020 ## - NUMERO DE LIBRO INTERNACIONAL NORMALIZADO
International Standard Book Number 9993468061
050 ## - LIBRARY OF CONGRESS CALL NUMBER
Classification number RD 344.01 H431f
100 ## - ASIENTO PRINCIPAL -- NOMBRE PERSONAL
Personal name Hernandez Quezada, Porfirio
245 ## - TÍTULO PROPIAMENTE DICHO: SUBTÍTULO
Title Fundamentos del procedimiento laboral/Porfirio Hernandez Quezada
264 ## - PRODUCTION, PUBLICATION, DISTRIBUTION, MANUFACTURE, AND COPYRIGHT NOTICE
Place of production, publication, distribution, manufacture República Dominicana : Ediciones Juridicas Trajano Palintini
300 ## - PHYSICAL DESCRIPTION
Extensión 156 P
500 ## - GENERAL NOTE
General note Incluye Bibliografia
650 ## - ASIENTO SECUNDARIO DE MATERIA -- TERMINO TEMÁTICO
Termino Temático Como Elemento de Entrada Derecho laboral Republica Dominicana 2.Procedimiento laboral-Republica DominicanaÌ
942 ## - ADDED ENTRY ELEMENTS (KOHA)
Source of classification or shelving scheme Dewey Decimal Classification
Koha item type Libros
Existencias
Withdrawn status Lost status Source of classification or shelving scheme Damaged status Not for loan Current library Date acquired Total Checkouts Full call number Barcode Date last seen Price effective from Koha item type
    Dewey Decimal Classification     Biblioteca UTECO 09/09/2019   RD 344.01 H431F 016882 09/09/2019 09/09/2019 Libros
    Dewey Decimal Classification     Biblioteca UTECO 09/09/2019   RD 344.01 H431F 016883 09/09/2019 09/09/2019 Libros
© 2021 Derechos Reservados UTECO - Teléfono: +1 809-585-2291 - Correo electrónico: biblioteca@uteco.edu.do​  
Código postal 43000 ​​
Dirección: Avenida Universitaria No. 100, 
Cotuí, Provincia Sánchez Ramírez, República Dominicana - RNC: 404-00059-6